00603 2200229 4500001002100000005001500021035002000036007000300056008004100059020002200100082001000122084001600132100001500148245007000163250001000233260003000243300003600273650001800309700002400327990001100351990001100362INLIS00000000000416920191007114826 a0010-1019000021ta191007 b 0 ind  a978-979-055-621-8 a741.5 a741.5 KOK a0 aKOKO, Nata1 aAku Tahu Arah dan Tempat /cKoko Nata; editor, Safitri Lusiana D. acet.1 aBandung :bImagioo,c2015 aiii, 44 hlm. :bilus. ;c25 cm. 4aGAMBAR. KOMIK0 aSAFITRI, Lusiana D. a6920 a a6920 b